Rethinking autonomy, self-determination and sovereignty: (Record no. 157613)

MARC details
000 -LEADER
fixed length control field 00843nam a22002177a 4500
005 - DATE AND TIME OF LATEST TRANSACTION
control field 20180922110827.0
010 ## - LCCN (DPL NO)
LC control number ENG-124019
020 ## - INTERNATIONAL STANDARD BOOK NUMBER
Terms of availability 200.00
International Standard Book Number 9788189762575
035 ## - SYSTEM CONTROL NUMBER
System control number EN-107551
037 ## - SOURCE OF ACQUISITION
Source of stock number/acquisition DBAD/PUB
082 ## - DEWEY DECIMAL CLASSIFICATION NUMBER
Classification number 303.6909545
100 ## - MAIN ENTRY--PERSONAL NAME
Personal name Fernandes, Walter
245 ## - TITLE STATEMENT
Title Rethinking autonomy, self-determination and sovereignty:
Statement of responsibility, etc by Walter Fernandes [and] Bhaswati Borgohain
Remainder of title search for peace in northeast india /
260 ## - PUBLICATION, DISTRIBUTION, ETC. (IMPRINT)
Place of publication, distribution, etc Guwahati
Date of publication, distribution, etc 2017
Name of publisher, distributor, etc North Eastern Social Research Centre
270 ## - ADDRESS
City Guwahati
Address Jagriti 2nd Floor, Arunadai Path, GMC Road, Christian Basti
Postal code 781005
300 ## - PHYSICAL DESCRIPTION
Extent vi,199p.
Dimensions 21(pbk.)
Other physical details ill.
490 ## - SERIES STATEMENT
Series statement NESRC PEACE STUDIES SERIES-9
500 ## - GENERAL NOTE
General note It includes references, index and publications of NESRC
700 ## - ADDED ENTRY--PERSONAL NAME
Personal name Borgohain, Bhaswati
942 ## - ADDED ENTRY ELEMENTS (KOHA)
Source of classification or shelving scheme Dewey Decimal Classification
Item type English Books
Classification part 303.6909545
Call number suffix FER
Holdings
Withdrawn status Lost status Not for loan Collection code Home library Current library Date acquired Source of acquisition Cost, normal purchase price Full call number Barcode Copy number Cost, replacement price Koha item type
    Not For Loan Non-fiction D.B.Act.Division Sarojini Nagar 22/09/2018 DBAD/PUB 200.00 303.6909545 FER EN-107551 1 200.00 English Books

© Delhi Public Library
Hit Counter
free hit counter